|
|
|
|
| LEADER |
01301cam a2200325 i 4500 |
| 001 |
17730443 |
| 005 |
20230725141508.0 |
| 008 |
130509s2012 bg b 001 0 eng |
| 010 |
|
|
|a 2013319435
|
| 020 |
|
|
|a 9789843358561
|
| 025 |
|
|
|a B-E-2013-319435; 21-92
|
| 037 |
|
|
|b Library of Congress -- New Delhi Overseas Office
|
| 040 |
|
|
|a DLC
|b eng
|c DLC
|e rda
|d DLC
|
| 042 |
|
|
|a lcode
|a pcc
|
| 043 |
|
|
|a a-bg---
|
| 050 |
0 |
0 |
|a PN5449.B26
|b K53 2012
|
| 082 |
|
|
|a 302.23/095492
|2 21
|
| 100 |
1 |
|
|a Kibriya, Mohammad Golan,
|e author.
|9 55218
|
| 245 |
1 |
0 |
|a History of the press in Bangladesh /
|c Mohammad Golan Kibriya.
|
| 260 |
|
|
|a Dhaka :
|b Eastern Point,
|c 2012.
|
| 300 |
|
|
|a xiv, 687 pages ;
|c 22 cm.
|
| 504 |
|
|
|a Includes bibliographical references (pages 487-490) and index.
|
| 541 |
|
|
|a Donated by Akbar Ali khan
|e 41393
|
| 650 |
|
0 |
|a Press
|z Bangladesh
|x History.
|9 55219
|
| 650 |
|
0 |
|a Newspapers
|z Bangladesh
|x History.
|9 55220
|
| 650 |
|
0 |
|a Mass media
|z Bangladesh.
|9 13341
|
| 650 |
|
0 |
|a Communication
|x Social aspects
|z Bangladesh.
|9 13343
|
| 942 |
|
|
|2 ddc
|c BK
|
| 999 |
|
|
|c 46033
|d 46033
|
| 952 |
|
|
|0 0
|1 0
|2 ddc
|4 0
|6 302_230954920000000_KIB
|7 1
|9 74130
|a BRACUL
|b BRACUL
|c AAKC
|d 2023-07-25
|e Donated by Akbar Ali Khan
|g 800.00
|l 0
|o 302.23095492 KIB
|p 3010041393
|r 2023-07-25
|t 1
|w 2023-07-25
|y BK
|x Price available in book
|